| 000 | 003570000a22001450004500 | ||
|---|---|---|---|
| 041 | 0 | _aENG | |
| 082 | 0 | 4 | _aG 234 D5788s |
| 100 | 1 | _aDillistone, F. W. (Frederick William) (1903-) | |
| 245 | 1 | 0 | _aThe significance of the cross / F. W. Dillistone |
| 260 | _aPA., USA : Westminster | ||
| 300 | _a241 Pag | ||
| 650 | 1 | 4 | _aEXPIACION |
| 001 | 4117 | ||
| 942 | _cBK | ||
| 999 |
_c34731 _d34731 |
||